=LDR 00000nam 2200000 4500 =001 INLIS000000000059950 =005 20211222081732 =035 ##$$a 0010-1221000177 =007 ta =008 211222###########################0#ind## =020 ##$$a 979-3421-40-1 =082 ##$$a R.370.26 =084 ##$$a R.370.26 Ind u =245 ##$$a undang - Undang RI No. 20 th 2003 Ttg Sisdiknas /$c Indonesia =250 ##$$a cet 4 =300 ##$$a 156 halaman : $b ilustrasi ; $c 20 cm =650 #4$$a Pendidikan - Undang2 dan Peraturan =264 ##$$a Jakarta :$b Sinar Grafika,$c 2007 =336 ##$$a teks$2 rdacontent =337 ##$$a lain-lain$2 rdamedia =338 ##$$a lain-lain$2 rdacarrier =990 ##$$a 36533653 =990 ##$$a 36533653